000 00657nam a2200205 i 4500
001 23274
003 ES-MaACL
005 20230906152838.0
007 t|
008 021209s1976 sp ||||1| spa d
100 1 _aAlonso, Amado.
_920182
245 1 0 _aEstudios lingüísticos
_b: temas hispanoamericanos /
_cAmado Alonso.
250 _a3ª ed.
260 _aMadrid :
_bGredos,
_c[1976]
300 _a358 p. ;
_c21 cm.
490 1 _aBiblioteca románica hispánica. II. Estudios y ensayos ;
_v12
830 0 _aBiblioteca románica hispánica. II. Estudios y ensayos ;
_v12
_9178108
852 _aES-MaACL
_jA-6113
_bR.94959
999 _c23274
_d23274